Estatísticas para Mapa Mundial com 10 Fronteiras Adicionais Aleatórias

Clique aqui para jogar o quiz

Estatísticas Gerais

  • Esse quiz foi jogado 5 696 vezes
  • A pontuação média é 6 de 10

Respostas no mapa

Respostas codificadas por cores de uma escala verde-vermelha no mapa do quiz de acordo com a % correta abaixo.
 

Estatísticas das Respostas

País% Correto
Estados Unidos
100%
Brasil
99%
Austrália
97%
Mongólia
93%
Egito
91%
Espanha
90%
Madagáscar
90%
Nepal
89%
Peru
89%
Níger
88%
Paraguai
88%
Rússia
88%
Chile
87%
Equador
87%
Uruguai
87%
França
85%
Arábia Saudita
84%
Índia
84%
Suécia
83%
Noruega
82%
Bolívia
80%
China
80%
Indonésia
80%
Portugal
78%
Botswana
76%
Lituânia
76%
Honduras
75%
Bielorrússia
74%
Canadá
74%
Colômbia
74%
Reino Unido
74%
Finlândia
73%
Iémen
73%
Mauritânia
73%
Sudão do Sul
73%
Venezuela
73%
Suriname
72%
Gana
71%
Romênia
71%
Zimbábue
71%
Burkina Faso
70%
Irlanda
70%
Polônia
70%
Coréia do Sul
69%
Angola
68%
Nigéria
68%
Sudão
68%
Cazaquistão
67%
República Democrática
do Congo
67%
Afeganistão
66%
Áustria
66%
Bangladesh
66%
Itália
66%
Namíbia
66%
Tanzânia
66%
Argélia
65%
Paquistão
65%
Alemanha
64%
Guiana
64%
Islândia
64%
Marrocos
64%
Tailândia
64%
Turquia
64%
Ucrânia
64%
Malásia
63%
Nicarágua
63%
Camarões
62%
Irão
61%
Quênia
61%
Síria
61%
Turquemenistão
61%
Iraque
60%
República do Congo
60%
Birmânia
58%
Chade
58%
Etiópia
56%
Senegal
55%
Uzbequistão
55%
Vietname
55%
Laos
54%
Nova Zelândia
54%
África do Sul
53%
Gabão
53%
Guatemala
52%
Tunísia
52%
Bulgária
51%
Costa do Marfim
51%
Estônia
51%
Omã
51%
Tajiquistão
51%
Geórgia
49%
México
48%
Zâmbia
46%
Sri Lanka
45%
Guiné
44%
República Centro-Africana
44%
Uganda
42%
Mali
41%
Jordânia
38%
Moçambique
37%
Somália
37%
Japão
36%
Papua Nova Guiné
15%

Distribuição das Pontuações

Percentil de Números Respondidos

Porcentagem de Pessoas com Cada Pontuação

Sua Pontuação Histórica

Você não jogou esse quiz